MARC details
| 000 -LEADER |
| fixed length control field |
03333cam a2200409 a 4500 |
| 001 - CONTROL NUMBER |
| control field |
3127 |
| 003 - CONTROL NUMBER IDENTIFIER |
| control field |
BD-DhEWU |
| 005 - DATE AND TIME OF LATEST TRANSACTION |
| control field |
20190224124206.0 |
| 008 - FIXED-LENGTH DATA ELEMENTS--GENERAL INFORMATION |
| fixed length control field |
010722s1995 nyua g b 001 0 eng d |
| 020 ## - INTERNATIONAL STANDARD BOOK NUMBER |
| International Standard Book Number |
0471078344 (pbk. : acidfree paper) |
|
| International Standard Book Number |
0471078344 |
| 035 ## - SYSTEM CONTROL NUMBER |
| System control number |
(OCoLC)32625100 |
| 040 ## - CATALOGING SOURCE |
| Original cataloging agency |
DLC |
| Transcribing agency |
DLC |
| Language of cataloging |
eng |
| Modifying agency |
BD-DhEWU |
| 041 ## - LANGUAGE CODE |
| Language code of text/sound track or separate title |
eng |
| 049 ## - LOCAL HOLDINGS (OCLC) |
| Holding library |
BOTJ |
| 050 04 - LIBRARY OF CONGRESS CALL NUMBER |
| Classification number |
QA76.64 |
| Item number |
.K47 1995 |
| 082 04 - DEWEY DECIMAL CLASSIFICATION NUMBER |
| Edition number |
005.117 |
| Item number |
KHO 1995 |
| 100 1# - MAIN ENTRY--PERSONAL NAME |
| Personal name |
Khoshafian, Setrag. |
| 9 (RLIN) |
2004 |
| 245 10 - TITLE STATEMENT |
| Title |
Object orientation : |
| Remainder of title |
concepts, analysis & design, languages, databases, graphical user interfaces, standards / |
| Statement of responsibility, etc |
Setrag Khoshafian, Razmik Abnous. |
| 250 ## - EDITION STATEMENT |
| Edition statement |
2nd ed. |
| 260 ## - PUBLICATION, DISTRIBUTION, ETC. (IMPRINT) |
| Place of publication, distribution, etc |
New York : |
| Name of publisher, distributor, etc |
Wiley, |
| Date of publication, distribution, etc |
c1995. |
| 300 ## - PHYSICAL DESCRIPTION |
| Extent |
xxii, 504 p. : |
| Other physical details |
ill. ; |
| Dimensions |
24 cm. |
| 500 ## - GENERAL NOTE |
| General note |
Online version:<br/>Khoshafian, Setrag.<br/>Object orientation.<br/>New York : Wiley, c1995<br/>(OCoLC)604485071 |
| 504 ## - BIBLIOGRAPHY, ETC. NOTE |
| Bibliography, etc |
Includes bibliographical references (p. 471-491) and index. |
| 505 ## - FORMATTED CONTENTS NOTE |
| Formatted contents note |
Abstract Data Types.<br/>Inheritance.<br/>Object Identity.<br/>Object-Oriented Analysis and Design.<br/>Overview of Object-Oriented Languages.<br/>C++.<br/>Object-Oriented Databases.<br/> User Interfaces.<br/>Standards in Object Orientation.<br/>Appendix.<br/>References.<br/>Index. |
| 520 ## - SUMMARY, ETC. |
| Summary, etc |
A practical, down-to-earth introduction to object-oriented terms, concepts, and techniques, Object Orientation, Second Edition is for developers and programmers who are eager to start using object-oriented technology right away. Building step-by-step from the fundamentals to advanced design and development topics, this book supplies you with all the in-depth technical information and guidance you need to confidently incorporate object-oriented tools and techniques into your next project, no matter what your level of experience. Thanks to the authors' clear, straightforward explanations and professional insights, as well as the many real-world examples appearing throughout the book, you'll quickly acquire a solid working knowledge of<br/>* Abstract data typing, inheritance, and identity<br/>* Object-oriented analysis and design-including Booch, Rumbaugh, and other OOA and OOD methodologies<br/>* Object-oriented programming languages-including the object-oriented features of C++, Smalltalk, Ada, Eiffel, and other languages<br/>* Object-oriented database management systems-including OOODB, ORDB, client/server concepts, and examples from Object Design, Gem Stone, Versant, UniSQL, Objectivity, ODB-II, and other systems<br/>* Object-oriented GUI design-including explanations of Visual C++ and Foundation Classes, MacAPP, and NeXTStep<br/>* Object sharing and interchange with OLE 2 and OpenDoc<br/>* OMA, ODMG-93, and other object-oriented standardization efforts<br/>* And much more |
| 526 ## - STUDY PROGRAM INFORMATION NOTE |
| Program name |
CSE |
| 590 ## - LOCAL NOTE (RLIN) |
| Local note |
Tahur Ahmed |
| 650 #0 - SUBJECT ADDED ENTRY--TOPICAL TERM |
| Topical term or geographic name as entry element |
Object-oriented programming (Computer science) |
| 9 (RLIN) |
2005 |
| 700 1# - ADDED ENTRY--PERSONAL NAME |
| Personal name |
Abnous, Razmik. |
| 9 (RLIN) |
2006 |
| 856 42 - ELECTRONIC LOCATION AND ACCESS |
| Materials specified |
OCLC |
| Uniform Resource Identifier |
http://www.worldcat.org/title/object-orientation-concepts-analysis-design-languages-databases-graphical-user-interfaces-standards/oclc/32625100&referer=brief_results |
|
| Materials specified |
amazon |
| Uniform Resource Identifier |
http://www.amazon.com/Object-Orientation-Languages-Databases-Interfaces/dp/0471078344/ref=sr_1_1?s=books&ie=UTF8&qid=1371718125&sr=1-1&keywords=+%090471078344 |
| 942 ## - ADDED ENTRY ELEMENTS (KOHA) |
| Source of classification or shelving scheme |
Dewey Decimal Classification |
| Koha item type |
Text |